शास्त्रदर्पणम् (Record no. 1435887)

MARC details
000 -LEADER
fixed length control field 01029 a2200253 4500
005 - DATE AND TIME OF LATEST TRANSACTION
control field 20251119131311.0
008 - FIXED-LENGTH DATA ELEMENTS--GENERAL INFORMATION
fixed length control field 251119b |||||||| |||| 00| 0 eng d
020 ## - INTERNATIONAL STANDARD BOOK NUMBER
International Standard Book Number 9788171109296 (hbk)
037 ## - SOURCE OF ACQUISITION
Terms of availability TB
040 ## - CATALOGING SOURCE
Original cataloging agency AL
Transcribing agency AL
041 ## - LANGUAGE CODE
Source of code hin
Language code of text/sound track or separate title hin
Language code of original san
084 ## - COLON CLASSIFICATION NUMBER
Classification number R65-6 15R4
Assigning agency AL
100 ## - MAIN ENTRY--PERSONAL NAME
Personal name अमलआनंद
9 (RLIN) 822110
245 ## - TITLE STATEMENT
Title शास्त्रदर्पणम्
260 ## - PUBLICATION, DISTRIBUTION, ETC.
Place of publication, distribution, etc. दिल्ली, भारत:
Name of publisher, distributor, etc. परिमल पब्लिकेशन्स,
Date of publication, distribution, etc. 2024.
300 ## - PHYSICAL DESCRIPTION
Extent 369पृ.
365 ## - TRADE PRICE
Price amount 495.00
Currency code INR
490 ## - SERIES STATEMENT
Series statement परिमल संस्कृत सीरीज न. 183
650 ## - SUBJECT ADDED ENTRY--TOPICAL TERM
Topical term or geographic name entry element दर्शनशास्त्र
9 (RLIN) 852318
650 ## - SUBJECT ADDED ENTRY--TOPICAL TERM
Topical term or geographic name entry element वेदान्त
9 (RLIN) 852319
650 ## - SUBJECT ADDED ENTRY--TOPICAL TERM
Topical term or geographic name entry element अद्वैता
9 (RLIN) 852320
942 ## - ADDED ENTRY ELEMENTS (KOHA)
Koha item type Textbook
Source of classification or shelving scheme Colon Classification (CC)
Suppress in OPAC No
Classification part R65-6 15R4
Holdings
Withdrawn status Lost status Source of classification or shelving scheme Damaged status Not for loan Home library Current library Date acquired Source of acquisition Cost, normal purchase price Inventory number Total Checkouts Full call number Barcode Date last seen Cost, replacement price Price effective from Koha item type
    Colon Classification (CC)     Arts Library Arts Library 2025-10-14 50/ ओरिएंटल बुक कंपनी 396.00 15 & 2025-10-03   R65-6 15R4 AL1804757 2025-10-14 495.00 2025-10-14 Textbook
Copyright @ Delhi University Library System